Tìm hiểu thơ Hồ Chủ Tịch /
Đã lưu trong:
| Príomhúdar: | |
|---|---|
| Formáid: | Sách giấy |
| Teanga: | Vietnamese |
| Foilsithe: |
H. :
Đại học và Trung học Chuyên nghiệp,
1976
|
| Ábhair: | |
| Clibeanna: |
Cuir Clib Leis
Gan Chlibeanna, Bí ar an gcéad duine leis an taifead seo a chlibeáil!
|
| Thư viện lưu trữ: | Thư viện Trường Đại học Đà Lạt |
|---|
| LEADER | 00709nam a2200277 4500 | ||
|---|---|---|---|
| 001 | DLU020011641 | ||
| 005 | ##5/16/2000 | ||
| 020 | # | # | |a 978- |
| 041 | # | # | |a vie |
| 082 | # | # | |a 895.922 1 |b HO-N |
| 100 | # | # | |a Hoàng Xuân Nhị |
| 245 | # | # | |a Tìm hiểu thơ Hồ Chủ Tịch / |c Hoàng Xuân Nhị |
| 260 | # | # | |a H. : |b Đại học và Trung học Chuyên nghiệp, |c 1976 |
| 300 | # | # | |a 319 tr.; |c 20 cm. |
| 653 | # | # | |a Hồ Chí Minh, 1890-1969 |
| 653 | # | # | |a Phê bình văn học |
| 653 | # | # | |a Văn học cách mạng |
| 992 | # | # | |a 976 |
| 994 | # | # | |a DLU |
| 900 | # | # | |a False |
| 911 | # | # | |a Administrator |
| 925 | # | # | |a G |
| 926 | # | # | |a A |
| 927 | # | # | |a SH |
| 980 | # | # | |a Thư viện Trường Đại học Đà Lạt |